Ser infant abans d'ara /
ISBN:
8485008669
Descripción Física:
151 pàgines : il·lustracions ; 21'5 cm
Colección:
Temes d'infància. Educar de 0 a 6 anys
; 11-12
MARC
| LEADER | 00000nam a2200000Ia 4500 | ||
|---|---|---|---|
| 001 | 8962 | ||
| 008 | 160829s1989 xx 000 0 cat d | ||
| 017 | |a DL B. 5825-1990 | ||
| 020 | |a 8485008669 | ||
| 080 | |a E-1-190 | ||
| 100 | 1 | |a González-Agàpito, Josep, |d 1946- |e autor |9 27540 | |
| 245 | |a Ser infant abans d'ara / |c Josep González Agápito | ||
| 260 | |a Barcelona : |b A.A.P.S.A. Rosa Sensat : |b Diputació de Barcelona, |c 1989 | ||
| 300 | |a 151 pàgines : |b il·lustracions ; |c 21'5 cm | ||
| 490 | |a Temes d'infància. Educar de 0 a 6 anys ; |v 11-12 | ||
| 650 | |a Parvulari |9 29144 | ||
| 650 | |a Escoles bressol |9 29145 | ||
| 650 | |a Educació infantil |x Història |9 29146 | ||
| 650 | |a Ensenyament |x Innovacions |9 29147 | ||
| 710 | 2 | |a Rosa Sensat (Associació) |9 54183 |e entitat editora | |
| 710 | 1 | |a Barcelona (Catalunya : Província). |b Diputació |9 52408 | |
| 901 | |a Arxiu | ||
| 942 | |n 1 |2 udc | ||
| 952 | |0 0 |1 0 |4 0 |6 E1190 |7 1 |9 45076 |a Arxiu |b Arxiu |d 2016-12-01 |l 0 |o E-1-190 |p 8962 |r 2016-12-01 00:00:00 |w 2016-12-01 |y ARXIU | ||
| 952 | |0 0 |1 0 |4 0 |6 PDL |7 1 |9 63469 |a Arxiu |b Arxiu |d 2022-08-16 |l 0 |o PDL |p 26479 |r 2022-08-16 00:00:00 |w 2022-08-16 |y ARXIU | ||
| 999 | |c 47696 |d 47696 | ||